ბათუმის შოთა რუსთაველის სახელმწიფო უნივერსიტეტის ბიბლიოთეკა

თხზულებანი [ლექსები და წერილები] (ბიბ.ჩანაწერი № 47755)

000 -LEADER
fixed length control field 00837nam a2200217Ia 4500
001 - CONTROL NUMBER
control field 14626
003 - CONTROL NUMBER IDENTIFIER
control field GE_BSU
008 - FIXED-LENGTH DATA ELEMENTS--GENERAL INFORMATION
fixed length control field 181216s||||||||xx |||||||||||||| ||und||
040 ## - CATALOGING SOURCE
Transcribing agency GE_BSU
080 ## - UNIVERSAL DECIMAL CLASSIFICATION NUMBER
Universal Decimal Classification number 821.353.1
100 ## - MAIN ENTRY--PERSONAL NAME
Personal name ბარათაშვილი,ნიკოლოზ
245 ## - TITLE STATEMENT
Title თხზულებანი [ლექსები და წერილები]
245 ## - TITLE STATEMENT
Statement of responsibility, etc. მხატვ.ს.კეცხოველი.წინასიტყვ.ავტ.გ.ლეონიძე
250 ## - EDITION STATEMENT
Edition statement საიუბილეო გამოცემა 1845-1945
260 ## - PUBLICATION, DISTRIBUTION, ETC.
Place of publication, distribution, etc. თბილისი
260 ## - PUBLICATION, DISTRIBUTION, ETC.
Name of publisher, distributor, etc. სახელგამი
260 ## - PUBLICATION, DISTRIBUTION, ETC.
Date of publication, distribution, etc. 1945
300 ## - PHYSICAL DESCRIPTION
Extent 115გვ.22სმ.
653 ## - INDEX TERM--UNCONTROLLED
Uncontrolled term თხზულებანი [ლექსები და წერილები]
942 ## - ADDED ENTRY ELEMENTS (KOHA)
Koha item type წიგნი
ეგზემპლარები
Withdrawn status Lost status Damaged status Not for loan Date acquired Barcode Date last seen Price effective from Koha item type
        2018-12-17 37737 2018-12-17 2018-12-17 წიგნი